| 000 | 00664cab a2200229 4500 | ||
|---|---|---|---|
| 001 | WB3306-49 | ||
| 008 | 090401t1997 xxu||||| |||| 00| 0 eng d | ||
| 035 | _a(Sirsi) u44122 | ||
| 041 | _aeng | ||
| 245 | _aVAT rethink | ||
| 260 | _c1997 | ||
| 350 | _a0 | ||
| 490 |
_aObserver _v2 February 1997, 2.3 |
||
| 490 |
_aFinancial Times _v3 February 1997, 6(2) |
||
| 520 | _aGovernment is set to bow to industry pressure and rethink proposals to close loophole on VAT on commercial property. | ||
| 650 | _aPROPERTY-COMMERCIAL PROPERTY | ||
| 650 | _aPROPERTY INDUSTRY | ||
| 650 | _aVALUE ADDED TAX | ||
| 690 | _aTAXATION | ||
| 942 | _n0 | ||
| 948 | _c04/03/1997 | ||
| 999 |
_c28129 _d28129 |
||